000 00652nam a2200241Ia 4500
003 OSt
005 20221005092727.0
006 a|||||r|||| 00| 0
007 ta
008 221004b |||||||| |||| 00| 0 eng d
024 _a32842
037 _cTextual
040 _aCRL
_cCRL
_beng
041 _2eng
_aeng
082 _a2, K7
100 _aPetru William C Ed
_9617696
245 0 _aLibrary
_b An intorduction for library assistant
260 _aNew York
_bSpecial Libraries Association USA
_c1967
300 _a79p
_ccm.
650 _aLIBRARY SCIENCE
942 _h2, K7
_cTEXL
_2cc
999 _c999302
_d999302